| 000 | 00958cab a2200277 4500 | ||
|---|---|---|---|
| 001 | WB3302-09 | ||
| 008 | 090401t1997 xxu||||| |||| 00| 0 eng d | ||
| 035 | _a(Sirsi) u19396 | ||
| 041 | _aeng | ||
| 245 | _aCommercial property boost | ||
| 260 | _c1997 | ||
| 350 | _a0 | ||
| 490 |
_aFinancial Times _v6 January 1997, 18 |
||
| 490 |
_aIndependent _v6 January 1997, 17(2) |
||
| 520 | _aA CBI/Grimley survey shoes that more UK companies are expecting to increase their commercial property holdings during 1997. | ||
| 650 | _aCBI SURVEY | ||
| 650 | _aCONFIDENCE SURVEY | ||
| 650 | _aCORPORATE PROPERTY | ||
| 650 | _aPROPERTY-COMMERCIAL PROPERTY-OFFICE PROPERTY-OFFICE PROPERTY MARKET | ||
| 650 | _aPROPERTY HOLDINGS | ||
| 650 | _aPROPERTY REQUIREMENTS | ||
| 650 | _aPROPERTY-COMMERCIAL PROPERTY-RETAIL PROPERTY-RETAIL PROPERTY MARKET | ||
| 690 | _aPROPERTY-COMMERCIAL PROPERTY-COMMERCIAL PROPERTY MARKET | ||
| 942 | _n0 | ||
| 948 | _c04/03/1997 | ||
| 999 |
_c12943 _d12943 |
||